1594 1691 1566 1274 1531 1823 1695 1811 1534 1231 1032 1913 1335 1875 1412 1499 1130 1357 1344 1104 1134 1016 1679 1229 1898 1691 1316 1416 1776 1454 1448 1194 1142 1275 1182 1362 1307 1144 1206 1199 1835 1035 1494 1803 1743 1458 1209 1770 1203 1839 1425 1701 1581 1719 1220 1892 1809 1205 1378 1573 1264 1311 1684 1825 1126 1272 1865 1282 1820 1232 1919 1093 1050 1029 1307 1549 1634 1044 1942 1204 1533 1618 1450 1844 1902 1308 1199 1547 1701 1678 1179 1579 1086 1131 1493 1094 1813 1424 1613 BCNSPRNW ULIB Ver.6.0+V

เปลี่ยนเป็นภาษาไทย

Change to English
 แสดงรายละเอียดบรรณานุกรม
  กลับหน้าหลัก

Brief Record : Get Marc (ISO 2709) : E-mail record : QR code < ปิดหน้าต่าง
LEADER : 00000nam 2200000uu 4500
001    13399126648
003     ULIB
008    190130s2561||||th 000 0 tha d
020    ^a9786167741321
060  4 ^aWT100^bก446
245 00 ^aภาวะฉุกเฉินในผู้สูงวัย =^bGeriatric emergency /^cบรรณาธิการ, จิราภรณ์ ศรีอ่อน, รพีพร โรจน์แสงเรือง, ชายวุฒิ สววิบูลย์
246 0  ^aGeriatric emergency
250    ^aพิมพ์ครั้งที่ 2
260    ^aกรุงเทพฯ :^bคณะแพทยศาสตร์วชิรพยาบาล มหาวิทยาลัยนวมินทราธิราช,^c2561
300    ^a427 หน้า :^bภาพประกอบ ;^c29 ซ.ม.
505 0  ^a... เวชศาสตร์ฉุกเฉินผู้สูงอายุ Geriatric Emergency Medicine ... การใช้ยาในผู้สูงอายุ Principle of drug presciption among the Elderly ... การรักษาผู้สูงอายุที่ได้รับบาดเจ็บ Management of trauma in the elderly ... ภาวะขาดนํ้า Dehydration ... ภาวะทุโภชนาการ Malnutrition ... อาการปวดศีรษะ Headache ... ระดับความรู้สึกตัวเปลี่ยนแปลง Altered mental status ... อาการเวียนศีรษะ Dizziness ... หมดสติชั่วคราว Syncope ... อาการเจ็บหน้าอก Chest pain ... ภาวะหายใจลำบาก Dyspnea ... ปวดท้องเฉียบพลัน Acute abdominal pain ... ความผิดปกติระบบผิวหนัง Dermatologic Conditions ... ความผิวปกติทางจิตเวชฉุกเฉิน Psychological Emergency ... ภาวะฉุกเฉินทางระบบประสาท Neurological Emergency ... ภาวะฉุกเฉินทางระบบหัวใจและหลอดเลือด Cardiovascular Emergency ... ภาวะฉุกเฉินทางระบบหายใจ Pulmonary Emergency ... ภาวะฉุกเฉินระบบทางเดินอาหาร Gastrointestinal Emergency ... ภาวะไตบาดเจ็บเฉียบพลัน Acute kidney Injury ... ภาวะบาดเจ็บทางกระดูก Orthopedic Injury ... ภาวะฉุกเฉินทางต่อมไร้ท่อ Endocrine Emergency ... ภาวะฉุกเฉินทางมะเร็ง Oncologic Emergency ... โรคติดเชื้อ Infectious diseases ... ภาวะพิษที่พบบ่อย Common drug Intoxication ... ภาวะหกล้ม Falls ... การดูแลผู้สูงอายุในภาวะภัยพิบัติ Geriatric care in disaster ... สิทธิในการรักษาของผู้สูงอายุในภาวะฉุกเฉิน Geriatric patient^sbeneficial in emergency department
650  7 ^aเวชศาสตร์ผู้สูงอายุ
650  7 ^aภาวะฉุกเฉิน
650  7 ^aผู้สูงอายุ^zไทย
650  7 ^aเวชศาสตร์ฉุกเฉิน
650  7 ^aเวชศาสตร์ฉุกเฉิน
700 0  ^aจิราภรณ์ ศรีอ่อน,^eบรรณาธิการ
700 0  ^aรพีพร โรจน์แสงเรือง,^eบรรณาธิการ
700 0  ^aชายวุฒิ สววิบูลย์,^eบรรณาธิการ
710 2  ^aมหาวิทยาลัยนวมินทราธิราช.^bคณะแพทยศาสตร์วชิรพยาบาล
945    ^p590^l0^i26915
945    ^p590^l0^i26918
945    ^p590^l0^i26917
945    ^p590^l0^i26916
999    ^aกัณชพร จุลอักษร
รายการนี้ยังไม่มีแท็ก
คุณยังไม่ได้ล็อกอิน คุณสามารถมีกิจกรรมร่วมกับเว็บไซต์ได้ แต่ต้องล็อกอินก่อน ::
  ล็อกอิน

รายการสื่อสารสนเทศ

ลำดับที่ ประเภท เลขเรียก/บาร์โค้ด สถานที่ สถานะ
1. หนังสือสำรอง
หนังสือสำรอง
WT100 ก446 ฉ.1 
  Barcode: 26915
ห้องสมุดวิทยาเขตนครสวรรค์
►หนังสือทั่วไป:l:General Books
บนชั้น
2. วิทยาศาสตร์การแพทย์ และสุขภาพ
วิทยาศาสตร์การแพทย์ และสุขภาพ
WT100 ก446 ฉ.2 
  Barcode: 26916
ห้องสมุดวิทยาเขตนครสวรรค์
►หนังสือทั่วไป:l:General Books
บนชั้น
3. วิทยาศาสตร์การแพทย์ และสุขภาพ
วิทยาศาสตร์การแพทย์ และสุขภาพ
WT100 ก446 ฉ.3 
  Barcode: 26917
ห้องสมุดวิทยาเขตนครสวรรค์
►หนังสือทั่วไป:l:General Books
บนชั้น
4. วิทยาศาสตร์การแพทย์ และสุขภาพ
วิทยาศาสตร์การแพทย์ และสุขภาพ
WT100 ก446 ฉ.4 
  Barcode: 26918
ห้องสมุดวิทยาเขตนครสวรรค์
►หนังสือทั่วไป:l:General Books
บนชั้น

รายการใกล้เคียง
    หัวเรื่อง [เวชศาสตร์ผู้สูงอายุ]
    หัวเรื่อง [ภาวะฉุกเฉิน]
    หัวเรื่อง [เวชศาสตร์ฉุกเฉิน]
    หัวเรื่อง [เวชศาสตร์ฉุกเฉิน]

BibComment


ยังไม่เคยถูกคอมเมนท์

คอมเมนท์ทรัพยากรรายการนี้
  คอมเมนท์: ภาวะฉุกเฉินในผู้..


 Copyright 2026. Bcnsprnw @Library